ARRUPE JESUIT UNIVERSITY

CORONAVIRUS -STOP THE SPREAD - CLEAN,DISINFECT,COVER

Cognitive science (Record no. 131757)

MARC details
000 -LEADER
fixed length control field 00753nam a22002417a 4500
003 - CONTROL NUMBER IDENTIFIER
control field ARRUPE
005 - DATE AND TIME OF LATEST TRANSACTION
control field 20240124111924.0
008 - FIXED-LENGTH DATA ELEMENTS--GENERAL INFORMATION
fixed length control field 240124b |||||||| |||| 00| 0 eng d
040 ## - CATALOGING SOURCE
Transcribing agency AJU
050 ## - LIBRARY OF CONGRESS CALL NUMBER
Classification number BF311.C5523 1987
300 ## - PHYSICAL DESCRIPTION
Dimensions 24cm.
100 ## - MAIN ENTRY--PERSONAL NAME
Personal name Stillings, Neil A.
9 (RLIN) 52353
245 ## - TITLE STATEMENT
Title Cognitive science
Remainder of title an introduction
Statement of responsibility, etc Neil A. Stillings et al...
260 ## - PUBLICATION, DISTRIBUTION, ETC. (IMPRINT)
Place of publication, distribution, etc London
Name of publisher, distributor, etc Massachusetts Institute of Technology
Date of publication, distribution, etc 1987
300 ## - PHYSICAL DESCRIPTION
Extent xvii, 533p. ;
650 ## - SUBJECT ADDED ENTRY--TOPICAL TERM
Topical term or geographic name as entry element Cognition.
9 (RLIN) 2049
700 ## - ADDED ENTRY--PERSONAL NAME
Personal name Feinstein, Mark H.
9 (RLIN) 52354
700 ## - ADDED ENTRY--PERSONAL NAME
Personal name Garfield, Jay L.
9 (RLIN) 52355
700 ## - ADDED ENTRY--PERSONAL NAME
Personal name Rissland, Edwina L.
9 (RLIN) 52356
700 ## - ADDED ENTRY--PERSONAL NAME
Personal name Rosenbaum, David A.
9 (RLIN) 52357
700 ## - ADDED ENTRY--PERSONAL NAME
Personal name Weisler, Steven E.
9 (RLIN) 52358
700 ## - ADDED ENTRY--PERSONAL NAME
Personal name Baker-Ward, Lynne
9 (RLIN) 52359
942 ## - ADDED ENTRY ELEMENTS (KOHA)
Source of classification or shelving scheme Library of Congress Classification
Koha item type Monograph ( Printed materials)
Holdings
Withdrawn status Lost status Source of classification or shelving scheme Damaged status Not for loan Collection code Home library Current library Shelving location Date acquired Total Checkouts Full call number Barcode Date last seen Price effective from Koha item type
    Library of Congress Classification     Main Collection ARRUPE LIBRARY ARRUPE LIBRARY Main Collection 24/01/2024   BF311.C5523 1987 46700000296 24/01/2024 24/01/2024 Monograph ( Printed materials)

 

Arrupe Library. PO Box MP320 Mt Pleasant, Harare, Zimbabwe
263 242 745411|librarian@aju.ac.zw